000 01659nam0a2200373 4500
001 RU\NLR\bibl\913708
005 20260405123342.0
010 _a5-98692-007-4
_9100
021 _aRU
_b2005-83956
_94150
035 _a(nilc)RSL-KNO-002803678
035 _a(NLR Aleph) 000902031
090 _a1779497
_c1779497
100 _a20051220d2005 |||y0rusy50 ca
101 0 _arus
102 _aRU
105 _ay |||||||||
106 _ar
200 1 _aСокровенная история России
_iМандалы Аркаима
_eвершины путины
_fВалитов Наил
210 _aУфа
_cВалитов Н.Ф.
_d2005
_gТип. ООО Паллада +
215 _a29 с.
_d20
320 _aБиблиогр.: с. 28-29
601 0 2 _a"Аркаим", специализированный природно-ландшафтный и историко-археологический центр
_cЧелябинская область
_92157187
_3RU\NLR\auth\661298550
610 0 _aИстория. Исторические науки -- Археология -- Россия -- Южный Урал -- Аркаим, город древний
610 0 _aРелигия -- Вневероисповедные формы религии -- Эзотерика
686 _aТ4(2Р36,7),0
_2rubbk
686 _aЭ391.9,0
_2rubbk
686 _aТ4(2)л6
700 1 _4070
_8rus
_7ca
_aВалитов
_bН. Ф.
_f1953-
_gНаил Фасхутдинович
_3RU\NLR\auth\7749039
_931974
801 0 _aRU
_bRuMoRKP
_c20051220
_grcr
801 1 _aRU
_bРГБ
_c20051220
801 2 _aRU
_bNLR
_c20060307
_grcr
942 _cBOOK
980 _aNB